000 00556 a2200169 4500
020 _a0387257993
020 _a9780387257990
082 0 4 _a530.15
090 _c1378
_d1378
100 1 _aWachter, Armin.
245 1 0 _aCompendium of theoretical physics /
_cArmin Wachter, Henning Hoeber.
260 _a[S.l.] :
_bSpringer,
_c2006.
300 _a534 p. ;
_c24 cm.
700 1 _aHoeber, Henning.
942 _aSNS
_cBK
_k530.15 WAC
999 _c29990
_d29990